| 000 | 00744nam a2200217Ia 4500 | ||
|---|---|---|---|
| 005 | 20240926132700.0 | ||
| 008 | 210716s2007 xx 000 0 und d | ||
| 020 | _a9780198065302 | ||
| 040 | _cAIMIT LIBRARY | ||
| 041 | _aeng | ||
| 082 |
_a005.13311 _22 _bSAHS |
||
| 100 |
_aSahay, Sourav. _9180348 |
||
| 245 |
_aObject oriented programming with c++ / _cBy Sourav Sahay. |
||
| 250 | _a2nd ed. | ||
| 260 |
_aNew Delhi : _bOxford University Press ; _c2012. |
||
| 300 |
_axvi,463p. ; _bPB _c24 cm. |
||
| 650 |
_aVirtual functions and dynamic polymorphism _9180349 |
||
| 650 |
_aStream and file handling _9180350 |
||
| 650 |
_aOperator overloading type conversion new style casts and Rtti _9180351 |
||
| 942 |
_2ddc _cBK _e2nd ed. _k005.13311 SAHS |
||
| 999 |
_c193388 _d193388 |
||